Score 0/8 Timer 01:30
3 Plays Today
% Correct
Laos
89.6%
Oman
89.3%
Syria
86.3%
China
85.4%
Myanmar
83.1%
Azerbaijan
79.1%
Kazakhstan
75.6%
Iran
70.8%
Remove Ads.
Support Sporcle.
Get the best of Sporcle when you Go Orange. This ad-free experience offers more features, more stats, and more fun while also helping to support Sporcle. Thank you for becoming a member.

You're not logged in!

Compare scores with friends on all Sporcle quizzes.
OR
Log In

Show Comments

Extras

Top Quizzes Today


Score Distribution

Your Account Isn't Verified!

In order to create a playlist on Sporcle, you need to verify the email address you used during registration. Go to your Sporcle Settings to finish the process.

Report this User

Report this user for behavior that violates our Community Guidelines.

Details: